| 000 | 02000cam a22004814i 4500 | ||
|---|---|---|---|
| 003 | PE-LiUPU | ||
| 005 | 20250731173434.0 | ||
| 008 | 150706s r 000 0 d | ||
| 020 | _a9789587370898 | ||
| 035 | _a(Sirsi) i9789587370898 | ||
| 040 |
_aPE-LiUPU _bspa _cPE-LiUPU _erda |
||
| 049 | _aPRUA | ||
| 082 | 0 | 4 |
_a248.845 _bJ66 _221 |
| 100 | 1 |
_aJohnson, Bill , _eautor. |
|
| 245 | 1 | 0 |
_aMomentum : _bel poder de la herencia generacional. Lo que Dios comienza, permanece / _cBill Johnson y Eric Johnson. |
| 264 | 1 |
_aBogotá : _bDesafío, _c2011. |
|
| 300 |
_a172 páginas ; _c21 cm. |
||
| 336 |
_atext _2rdacontent |
||
| 337 |
_aunmediated _2rdamedia |
||
| 338 |
_avolume _2rdacarrier |
||
| 505 | 0 | _aLa fuerza de la herencia -- Todo lo que tengo es tuyo -- Tome posesión de su herencia -- Acceda a su herencia prodigando honra -- Eternamente y para siempre -- Cómo heredar la vida sobrenatural -- Injertado en la familia -- vivamos con máxima seguridad -- La herencia estimula en nosotros la responsabilidad -- El desarrollo de personas con poder -- El juego final. | |
| 526 | _aSEG42 | ||
| 526 | _aSEG41 | ||
| 526 | _aSEG40 | ||
| 526 | _aSEG39 | ||
| 526 | _aP94 | ||
| 526 | _aP87 | ||
| 526 | _aP86 | ||
| 526 | _aP85 | ||
| 526 | _aP77 | ||
| 526 | _aP76 | ||
| 526 | _aP35 | ||
| 541 | _g001-0000701; | ||
| 650 | 0 | 4 |
_aPadres e hijos (Herencia generacional) _xCristianismo. |
| 700 | 1 |
_aDíaz-Díaz, Rogelio, _etr. |
|
| 700 | 1 |
_aPeñaloza, Miguel, _eed. |
|
| 910 |
_agl _clch _d20131118 |
||
| 942 |
_2ddc _cBOOK |
||
| 949 |
_a248.845 J66 _wDEWEY _c1 _i68474 _lCCODEBUL1 _mBUL _p13.00 _r0 _sY _tBOOK _u2015-7-6 _xTEOLOGIA _PP35 _o.STAFF. Colección General |
||
| 994 |
_aC0 _bPEPRU |
||
| 596 | _a1 | ||
| 999 |
_a248.845 J66 _wDEWEY _c55858 _i68474 _d55858 _e2018-8-23 _f2021-11-10 _g5 _lCCODEBUL1 _mBUL _n1 _p13.00 _r0 _sY _tBOOK _u2015-7-6 _xTEOLOGIA _PP35 _0COMPRA _o.STAFF. Colección General |
||
| 980 |
_81 _gALBERTO SANCHEZ Responsable de Automatización |
||